| 000 | 00811nam a2200253 a 4500 | ||
|---|---|---|---|
| 001 | BRCA_6315 | ||
| 005 | 20190320205417.0 | ||
| 008 | 080811s1892----fr-a######---#000-0#fre-# | ||
| 041 | _afre | ||
| 044 | _afr | ||
| 050 | 4 |
_aN2059 _b.Ch3 C32 _c[1892] |
|
| 110 | 2 |
_aMusée Condé (Chantilly, Francia) _915842 |
|
| 245 | 1 | 0 |
_aLe cabinet des livres du Musée Condé _bcent reproductions _cJean Longman. |
| 260 |
_aChantilly, Francia _bInstitut de France _c[1892] |
||
| 300 |
_a1 v. (sin paginación) _bil., 100 láminas _c20 cm. |
||
| 500 | _aIncluye lista de láminas | ||
| 500 | _aEstado físico: Encuadernación desprendida | ||
| 500 | _aK172 | ||
| 650 | 1 | 4 |
_aExposiciones bibliográficas _915843 |
| 650 | 1 | 4 |
_aLibros _915844 |
| 650 | 1 | 4 |
_aGalerías y museos _zFrancia _97839 |
| 902 | _aGFM | ||
| 942 |
_2lcc _cB |
||
| 999 |
_c6001 _d6001 |
||